[Event "13. Torneo Pueblo Nuevo IRT"]
[Site "Madrid ESP"]
[Date "2006.11.21"]
[Round "6.3"]
[White "Callejo Hernanz, Jesus Maria"]
[Black "Martinez Garcia, Felipe"]
[Result "0-1"]
[WhiteElo "1834"]
[BlackElo "2028"]
[PlyCount "76"]
[EventDate "2006.11.02"]
[EventType "tourn"]
[EventRounds "9"]
[EventCountry "ESP"]
[Source "lmi"]
[SourceDate "2006.11.02"]

1. d4 Nf6 2. c4 e6 3. Nf3 d5 4. g3 dxc4 5. Qa4+ Nbd7 6. Qxc4 Nb6 7. Qc2 Bd7 8.
Ne5 Ba4 9. b3 Qxd4 10. Bb2 Bb4+ 11. Nd2 Qd5 12. Nef3 Bc6 13. O-O-O Qa5 14. Kb1
O-O-O 15. e4 Nxe4 16. Nxe4 Rxd1+ 17. Qxd1 Bxe4+ 18. Ka1 Rd8 19. Qe2 Qd5 20. Bg2
Qd3 21. Qxd3 Rxd3 22. Ne5 Bxg2 23. Nxd3 Bxh1 24. Nxb4 f6 25. Bd4 Be4 26. Kb2 a5
27. Nc2 Bxc2 28. Kxc2 Nd5 29. Kd3 Nb4+ 30. Kc4 Nxa2 31. Kb5 Nb4 32. Be3 b6 33.
Kc4 Kb7 34. Bd4 c6 35. f4 c5 36. Be3 Kc6 37. g4 b5+ 38. Kc3 Nd5+ 0-1

[Event "13. Torneo Pueblo Nuevo IRT"]
[Site "Madrid ESP"]
[Date "2006.11.21"]
[Round "6.4"]
[White "Adekola, Adedeji"]
[Black "Labarta Gonzalez, Ivan B"]
[Result "1/2-1/2"]
[WhiteElo "2109"]
[BlackElo "2156"]
[PlyCount "124"]
[EventDate "2006.11.02"]
[EventType "tourn"]
[EventRounds "9"]
[EventCountry "ESP"]
[Source "lmi"]
[SourceDate "2006.11.02"]

1. e4 c5 2. Nf3 d6 3. d4 cxd4 4. Bb5+ Nc6 5. Nxd4 Bd7 6. Nc3 g6 7. O-O Bg7 8.
Be3 Nf6 9. f3 O-O 10. Qd2 a6 11. Nxc6 Bxc6 12. Bxc6 bxc6 13. Rad1 Qb8 14. b3
Qb7 15. Na4 c5 16. c4 Nd7 17. Nc3 Ne5 18. Nd5 a5 19. Bh6 a4 20. Bxg7 Kxg7 21.
Qc3 f6 22. f4 Nc6 23. h4 axb3 24. axb3 Ra3 25. Rd3 e6 26. Qb2 Qa7 27. Nc3 Nd4
28. Na4 Rxa4 29. bxa4 Rb8 30. Qa2 Rb4 31. a5 Qa6 32. Rc1 Qc6 33. Re3 Ra4 34.
Qd2 Qa6 35. e5 Rxa5 36. exf6+ Kxf6 37. Rce1 Ra2 38. Qc3 Kf7 39. h5 Rc2 40. Qd3
Qxc4 41. Qe4 Qd5 42. Qxd5 exd5 43. Re7+ Kf6 44. h6 Rc1 45. Kf2 Rxe1 46. Rxe1 g5
47. fxg5+ Kxg5 48. Re8 Nf5 49. Rg8+ Kxh6 50. g4 Ng7 51. Kg3 Kg6 52. Rd8 Kf6 53.
Rxd6+ Ke5 54. Rd7 Ne6 55. Rxh7 c4 56. Kf2 Kf4 57. Re7 Ng5 58. Ke2 Kxg4 59. Ke3
Ne4 60. Rf7 c3 61. Kd3 Kg5 62. Rf8 Kg6 1/2-1/2

[Event "13. Torneo Pueblo Nuevo IRT"]
[Site "Madrid ESP"]
[Date "2006.11.21"]
[Round "6.5"]
[White "Liebana Garcia, Miguel Angel"]
[Black "Gormaz Lietor, Andres Miguel"]
[Result "1-0"]
[WhiteElo "1816"]
[BlackElo "1791"]
[PlyCount "131"]
[EventDate "2006.11.02"]
[EventType "tourn"]
[EventRounds "9"]
[EventCountry "ESP"]
[Source "lmi"]
[SourceDate "2006.11.02"]

1. Nf3 Nf6 2. d4 e6 3. Bf4 b6 4. Nbd2 Bb7 5. e3 d5 6. Ne5 Be7 7. Bb5+ c6 8. Be2
Nbd7 9. Ndf3 O-O 10. c3 c5 11. Qa4 Nxe5 12. Nxe5 Bd6 13. g4 Bxe5 14. Bxe5 Ne4
15. f3 Qh4+ 16. Kd1 Nf2+ 17. Kd2 Nxh1 18. Rxh1 Qe7 19. h4 f6 20. Bg3 e5 21. f4
exd4 22. cxd4 Qe4 23. Rh2 Rfe8 24. Bf2 cxd4 25. Qxd4 Rac8 26. Bd3 Qxd4 27. exd4
Rc7 28. Bg3 a6 29. h5 Rce7 30. Bh4 b5 31. g5 fxg5 32. Bxg5 Rf7 33. h6 g6 34.
Rh1 Bc8 35. Rc1 Bf5 36. Bxf5 Rxf5 37. Rc6 Ra8 38. Rd6 Ra7 39. Kd3 Kf7 40. Kc3
Ke8 41. Kb4 Rf8 42. Ka5 Kf7 43. Rxd5 Ke6 44. Re5+ Kd6 45. Kb6 Rfa8 46. Rc5 Rd7
47. Bf6 Ke6 48. Be5 Rd5 49. Rc7 Rd7 50. Rc6+ Kf5 51. Ka5 g5 52. fxg5 Kxg5 53.
Bg7 Kf5 54. Rxa6 Rda7 55. Rxa7 Rxa7+ 56. Kxb5 Rxa2 57. b4 Ke6 58. Kb6 Kd5 59.
Kb5 Rb2 60. Bf6 Rh2 61. Bg7 Rh5 62. Kb6 Kc4 63. Kc6 Rb5 64. Kd6 Rxb4 65. Ke6
Rb5 66. Kf7 1-0

[Event "13. Torneo Pueblo Nuevo IRT"]
[Site "Madrid ESP"]
[Date "2006.11.23"]
[Round "7.1"]
[White "Gormaz Lietor, Andres Miguel"]
[Black "Salgado Lopez, Oscar"]
[Result "0-1"]
[WhiteElo "1791"]
[BlackElo "2199"]
[PlyCount "47"]
[EventDate "2006.11.02"]
[EventType "tourn"]
[EventRounds "9"]
[EventCountry "ESP"]
[Source "lmi"]
[SourceDate "2006.11.02"]

1. d4 d5 2. c4 c6 3. Nc3 Nf6 4. e3 a6 5. Nf3 b5 6. cxd5 cxd5 7. Ne5 e6 8. Bd3
Bb7 9. O-O Nbd7 10. f4 Bd6 11. a3 O-O 12. Bd2 Ne4 13. Qc2 Rc8 14. Rad1 f5 15.
g4 Bxe5 16. fxe5 fxg4 17. Rxf8+ Nxf8 18. Rf1 Qg5 19. Bxe4 dxe4 20. Qb3 g3 21.
h3 Qh5 22. Kg2 Rxc3 23. Rxf8+ Kxf8 24. Qxc3 0-1

[Event "13. Torneo Pueblo Nuevo IRT"]
[Site "Madrid ESP"]
[Date "2006.11.23"]
[Round "7.2"]
[White "Labarta Gonzalez, Ivan B"]
[Black "Liebana Garcia, Miguel Angel"]
[Result "1-0"]
[WhiteElo "2156"]
[BlackElo "1816"]
[PlyCount "77"]
[EventDate "2006.11.02"]
[EventType "tourn"]
[EventRounds "9"]
[EventCountry "ESP"]
[Source "lmi"]
[SourceDate "2006.11.02"]

1. d4 d5 2. c4 c6 3. Nf3 Nf6 4. e3 Bf5 5. Nc3 e6 6. Nh4 Bg4 7. Qb3 Qb6 8. c5
Qc7 9. h3 Bh5 10. g4 Bg6 11. Nxg6 fxg6 12. Bg2 Be7 13. e4 O-O 14. Be3 Nbd7 15.
e5 Ne8 16. Rc1 b6 17. cxb6 Qxb6 18. Qa4 Bh4 19. O-O Nc7 20. Qc2 Nb8 21. Na4 Qb5
22. Rfd1 Be7 23. Bf1 Qb7 24. Rd3 Nb5 25. Rb3 Qd7 26. Nc5 Bxc5 27. Qxc5 Rc8 28.
Bxb5 a6 29. Bf1 Ra7 30. Qb6 h6 31. Bd3 Kf7 32. Qb4 Rac7 33. Bb1 Ra7 34. Qa4 Qc7
35. Rbc3 Rb7 36. Qc2 Qe7 37. Qxg6+ Kf8 38. Bxh6 gxh6 39. Rf3+ 1-0

[Event "13. Torneo Pueblo Nuevo IRT"]
[Site "Madrid ESP"]
[Date "2006.11.23"]
[Round "7.3"]
[White "Martinez Garcia, Felipe"]
[Black "Adekola, Adedeji"]
[Result "1-0"]
[WhiteElo "2028"]
[BlackElo "2109"]
[PlyCount "111"]
[EventDate "2006.11.02"]
[EventType "tourn"]
[EventRounds "9"]
[EventCountry "ESP"]
[Source "lmi"]
[SourceDate "2006.11.02"]

1. c3 Nc6 2. d4 e5 3. dxe5 Nxe5 4. f4 Ng6 5. e4 Nf6 6. e5 Ne4 7. Nf3 Bc5 8. Qd5
Nf2 9. Qxc5 Nxh1 10. Be3 d6 11. exd6 cxd6 12. Qd4 O-O 13. Nbd2 Re8 14. O-O-O
Be6 15. Kb1 Qa5 16. Nb3 Bf5+ 17. Bd3 Qb6 18. Bxf5 Rxe3 19. Qxb6 axb6 20. Bxg6
hxg6 21. Rxh1 Rae8 22. Nbd4 R8e4 23. g3 f6 24. Kc2 Kf7 25. Kd2 Re8 26. Re1 Rxe1
27. Nxe1 d5 28. Nef3 Rh8 29. h4 Ke7 30. Kd3 Kd7 31. Nb5 Re8 32. a3 Re4 33. Nbd4
Re8 34. Nc2 Kd6 35. Ncd4 Kd7 36. Nb5 Re7 37. b3 Re8 38. a4 Re7 39. Nbd4 Re8 40.
Nc2 Re7 41. Ne3 Kd6 42. Nd2 Re8 43. Kd4 Kc6 44. Kd3 Re7 45. Nf3 Re8 46. Nc2 Kd7
47. Nfd4 Re7 48. Ne3 Kd6 49. Ndf5+ gxf5 50. Nxf5+ Ke6 51. Nxe7 Kxe7 52. f5 Kd6
53. Kd4 Kc6 54. g4 Kd6 55. g5 fxg5 56. hxg5 1-0

[Event "13. Torneo Pueblo Nuevo IRT"]
[Site "Madrid ESP"]
[Date "2006.11.23"]
[Round "7.4"]
[White "Vukotic Jovsic, Dragan"]
[Black "Callejo Hernanz, Jesus Maria"]
[Result "1-0"]
[WhiteElo "2075"]
[BlackElo "1834"]
[PlyCount "93"]
[EventDate "2006.11.02"]
[EventType "tourn"]
[EventRounds "9"]
[EventCountry "ESP"]
[Source "lmi"]
[SourceDate "2006.11.02"]

1. d4 Nf6 2. Nf3 g6 3. Bf4 Bg7 4. Nbd2 d5 5. e3 O-O 6. Bd3 Nc6 7. c3 Nh5 8. Bg5
Nf6 9. O-O Qe8 10. Bf4 Qd8 11. e4 dxe4 12. Nxe4 Bg4 13. Nc5 Qc8 14. Re1 Nd5 15.
Bg3 e6 16. h3 Bxf3 17. Qxf3 a6 18. Bc4 b6 19. Nd3 Nce7 20. Nf4 c6 21. a4 b5 22.
Bb3 c5 23. Nxd5 Nxd5 24. Bxd5 exd5 25. Bd6 cxd4 26. Bxf8 Qxf8 27. cxd4 Bxd4 28.
Qxd5 Rd8 29. Qb3 Qd6 30. axb5 axb5 31. Qxb5 Rb8 32. Re8+ Rxe8 33. Qxe8+ Kg7 34.
Ra8 Qf4 35. Qf8+ Kf6 36. Ra6+ Kg5 37. Ra5+ f5 38. Qe7+ Kh6 39. Qe1 Bxb2 40. Qe3
Qxe3 41. fxe3 Bf6 42. Ra6 Bh4 43. Ra7 Bg3 44. Kf1 Be5 45. Ke2 Bg7 46. Kf3 g5
47. Ra6+ 1-0

[Event "13. Torneo Pueblo Nuevo IRT"]
[Site "Madrid ESP"]
[Date "2006.11.22"]
[Round "7.5"]
[White "Tejedo Meneses, Alvaro"]
[Black "Perez Ferris, Miguel"]
[Result "1-0"]
[WhiteElo "2022"]
[BlackElo "1997"]
[PlyCount "47"]
[EventDate "2006.11.02"]
[EventType "tourn"]
[EventRounds "9"]
[EventCountry "ESP"]
[Source "lmi"]
[SourceDate "2006.11.02"]

1. e4 c5 2. Nf3 Nc6 3. d4 cxd4 4. Nxd4 e5 5. Nb5 a6 6. Nd6+ Bxd6 7. Qxd6 Qf6 8.
Qd1 Qg6 9. Nc3 Nge7 10. Be3 d5 11. exd5 Nb4 12. Bd3 Nxd3+ 13. Qxd3 Bf5 14. Qd2
Bxc2 15. O-O Rd8 16. Bc5 Nc8 17. Rfe1 f6 18. f4 Kd7 19. fxe5 fxe5 20. Rxe5 Qd3
21. Qg5 Qg6 22. Qh4 Rhe8 23. Rg5 Qf7 24. Rf1 1-0

[Event "13. Torneo Pueblo Nuevo IRT"]
[Site "Madrid ESP"]
[Date "2006.11.28"]
[Round "8.1"]
[White "Salgado Lopez, Oscar"]
[Black "Perez Ferris, Miguel"]
[Result "1-0"]
[WhiteElo "2199"]
[BlackElo "1997"]
[Annotator "Edu"]
[PlyCount "59"]
[EventDate "2006.11.02"]
[EventType "tourn"]
[EventRounds "9"]
[EventCountry "ESP"]
[Source "lmi"]
[SourceDate "2006.11.02"]

1. e4 c6 2. d4 d5 3. Nc3 dxe4 4. Nxe4 Nf6 5. Nxf6+ gxf6 6. Nf3 Rg8 7. g3 Bf5 8.
Bg2 Qd7 9. O-O Na6 10. c3 Nc7 11. a4 e6 12. b4 Nd5 13. Qb3 Bd6 14. Re1 Rg4 15.
b5 Kf8 16. c4 Nb4 17. c5 Nc2 18. cxd6 Nxa1 19. Bh6+ Kg8 20. Rxa1 Be4 21. Qe3
Bd5 22. h3 Re4 23. Ne5 Rxe3 24. Nxd7 Rb3 25. bxc6 bxc6 26. Rc1 Bxg2 27. Kxg2
Rb4 28. Rxc6 Rxa4 29. Nxf6+ Kh8 30. d7 1-0

[Event "13. Torneo Pueblo Nuevo IRT"]
[Site "Madrid ESP"]
[Date "2006.11.28"]
[Round "8.2"]
[White "Callejo Hernanz, Jesus Maria"]
[Black "Tejedo Meneses, Alvaro"]
[Result "0-1"]
[WhiteElo "1834"]
[BlackElo "2022"]
[Annotator "Edu"]
[PlyCount "96"]
[EventDate "2006.11.02"]
[EventType "tourn"]
[EventRounds "9"]
[EventCountry "ESP"]
[Source "lmi"]
[SourceDate "2006.11.02"]

1. Nf3 c5 2. g3 Nc6 3. d3 g6 4. Bg2 Bg7 5. O-O e6 6. e4 d6 7. Re1 Nge7 8. Nbd2
Rb8 9. Nf1 b5 10. c3 O-O 11. d4 b4 12. Be3 bxc3 13. bxc3 Qa5 14. Qd2 Rd8 15.
Rab1 Ba6 16. Rec1 Bc4 17. Qc2 Qa6 18. Rxb8 Rxb8 19. Rb1 Rxb1 20. Qxb1 Bd3 21.
Qb2 Bxe4 22. N1d2 Bd5 23. dxc5 dxc5 24. Bxc5 Qxa2 25. Qb7 Bxc3 26. Bxe7 Nxe7
27. Qxe7 Bxd2 28. Nxd2 Qxd2 29. Qxa7 Qc1+ 30. Bf1 Bc4 31. Qa8+ Kg7 32. Qg2 g5
33. f3 h5 34. Qf2 e5 35. Kg2 Qxf1+ 36. Qxf1 Bxf1+ 37. Kxf1 g4 38. Ke2 Kf6 39.
Ke3 Kf5 40. Kf2 Ke6 41. Kg2 Kd5 42. h3 f5 43. hxg4 hxg4 44. fxg4 fxg4 45. Kf2
Kd4 46. Ke2 Ke4 47. Kf2 Kd3 48. Kf1 Kd2 0-1

[Event "13. Torneo Pueblo Nuevo IRT"]
[Site "Madrid ESP"]
[Date "2006.11.28"]
[Round "8.4"]
[White "Liebana Garcia, Miguel Angel"]
[Black "Martinez Garcia, Felipe"]
[Result "1/2-1/2"]
[WhiteElo "1816"]
[BlackElo "2028"]
[Annotator "Edu"]
[PlyCount "98"]
[EventDate "2006.11.02"]
[EventType "tourn"]
[EventRounds "9"]
[EventCountry "ESP"]
[Source "lmi"]
[SourceDate "2006.11.02"]

1. Nf3 d5 2. d4 Nf6 3. Bf4 Bf5 4. Nbd2 e6 5. e3 Bd6 6. Bxd6 Qxd6 7. c4 O-O 8.
Rc1 Nbd7 9. Qb3 c5 10. cxd5 exd5 11. Be2 c4 12. Qa4 a6 13. O-O b5 14. Qa5 Rfe8
15. Nb1 Be4 16. Nc3 Ng4 17. h3 Bxf3 18. hxg4 Bxe2 19. Nxe2 Nf6 20. g5 Ne4 21.
f4 Qe7 22. Rf3 f6 23. gxf6 Qxf6 24. Qe1 Ra7 25. Nc3 Nxc3 26. Qxc3 Re4 27. Qb4
Rae7 28. Rc3 Qb6 29. a4 a5 30. Qxb5 Qxb5 31. axb5 Rb7 32. b3 Rxb5 33. bxc4 dxc4
34. Rxc4 Rb3 35. Ra4 Rbxe3 36. Rxe3 Rxe3 37. Kf2 Rd3 38. Ke2 Rg3 39. Kf2 Rd3
40. g4 h6 41. f5 Kf7 42. Ke2 Rg3 43. d5 Ke7 44. Kf2 Rd3 45. Rxa5 Kd6 46. Ra7
Kxd5 47. Rxg7 Ke5 48. Rg6 h5 49. f6 hxg4 1/2-1/2

[Event "13. Torneo Pueblo Nuevo IRT"]
[Site "Madrid ESP"]
[Date "2006.11.29"]
[Round "8.5"]
[White "Gormaz Lietor, Andres Miguel"]
[Black "Labarta Gonzalez, Ivan B"]
[Result "0-1"]
[WhiteElo "1791"]
[BlackElo "2156"]
[Annotator "Edu"]
[PlyCount "110"]
[EventDate "2006.11.02"]
[EventType "tourn"]
[EventRounds "9"]
[EventCountry "ESP"]
[Source "lmi"]
[SourceDate "2006.11.02"]

1. d4 Nf6 2. c4 g6 3. Nc3 Bg7 4. Nf3 O-O 5. e4 d6 6. Be2 e5 7. O-O Nc6 8. d5
Ne7 9. b4 a5 10. Ba3 axb4 11. Bxb4 Nd7 12. a4 Nc5 13. Bxc5 dxc5 14. a5 f5 15.
Ng5 Rf6 16. Nb5 Rfa6 17. Ne6 Bxe6 18. dxe6 Rxe6 19. Qxd8+ Rxd8 20. Nxc7 Red6
21. Nd5 Nc6 22. Rfb1 Nd4 23. Bd3 R8d7 24. f3 h5 25. Rb2 f4 26. Rb6 g5 27. Rab1
Nc6 28. Rxb7 Rxb7 29. Rxb7 Nxa5 30. Rb5 Ra6 31. Rxc5 Nb3 32. Rc8+ Bf8 33. h3
Kg7 34. Rc7+ Kh6 35. Ne7 Nc1 36. Bf1 Ra1 37. c5 Nb3 38. Kf2 Ra2+ 39. Ke1 Rc2
40. Nf5+ Kg6 41. Rc6+ Kh7 42. Rc7+ Kg8 43. Ne7+ Bxe7 44. Rxe7 Rc1+ 45. Kf2 Rc2+
46. Kg1 Rxc5 47. Rd7 g4 48. hxg4 hxg4 49. Rd5 Rxd5 50. exd5 g3 51. Bd3 Nd2 52.
d6 Kf7 53. d7 Ke7 54. Bf5 Nc4 55. Kf1 Ne3+ 0-1

[Event "13. Torneo Pueblo Nuevo IRT"]
[Site "Madrid ESP"]
[Date "2006.11.30"]
[Round "9.1"]
[White "Labarta Gonzalez, Ivan B"]
[Black "Salgado Lopez, Oscar"]
[Result "1/2-1/2"]
[WhiteElo "2156"]
[BlackElo "2199"]
[Annotator "Edu"]
[PlyCount "57"]
[EventDate "2006.11.02"]
[EventType "tourn"]
[EventRounds "9"]
[EventCountry "ESP"]
[Source "lmi"]
[SourceDate "2006.11.02"]

1. e4 c5 2. Nf3 e6 3. d3 b5 4. g3 Bb7 5. Bg2 Nc6 6. O-O g6 7. d4 cxd4 8. Nxd4
Qb6 9. Be3 Bc5 10. c3 e5 11. Nc2 Bxe3 12. Nxe3 Nce7 13. a4 Nf6 14. Qd3 Ba6 15.
Rd1 bxa4 16. Qd6 Be2 17. Qxe5 Bxd1 18. Nd5 Nfxd5 19. Qxh8+ Ng8 20. Qxg8+ Ke7
21. Qxa8 Nc7 22. Qh8 Qxb2 23. e5 Ne8 24. Qxh7 Qxa1 25. Qh4+ Kf8 26. Qh8+ Ke7
27. Qh4+ Kf8 28. Qh8+ Ke7 29. Qh4+ 1/2-1/2

[Event "13. Torneo Pueblo Nuevo IRT"]
[Site "Madrid ESP"]
[Date "2006.11.30"]
[Round "9.2"]
[White "Martinez Garcia, Felipe"]
[Black "Gormaz Lietor, Andres Miguel"]
[Result "1-0"]
[WhiteElo "2028"]
[BlackElo "1791"]
[Annotator "Edu"]
[PlyCount "43"]
[EventDate "2006.11.02"]
[EventType "tourn"]
[EventRounds "9"]
[EventCountry "ESP"]
[Source "lmi"]
[SourceDate "2006.11.02"]

1. c3 e5 2. d4 exd4 3. cxd4 d5 4. Bf4 Bd6 5. Bg3 Nf6 6. e3 O-O 7. Bd3 Re8 8.
Ne2 Bg4 9. Nbc3 Bxg3 10. hxg3 h6 11. Rc1 c6 12. Qd2 Ne4 13. Qc2 Nxf2 14. Kxf2
Qf6+ 15. Kg1 Rxe3 16. Nxd5 Qe6 17. Nxe3 Qxe3+ 18. Kh2 Nd7 19. Qc3 Qg5 20. Nf4
Nf6 21. Rhe1 Bh5 22. Kg1 1-0

[Event "13. Torneo Pueblo Nuevo IRT"]
[Site "Madrid ESP"]
[Date "2006.11.30"]
[Round "9.3"]
[White "Vukotic Jovsic, Dragan"]
[Black "Liebana Garcia, Miguel Angel"]
[Result "0-1"]
[WhiteElo "2075"]
[BlackElo "1816"]
[Annotator "Edu"]
[PlyCount "38"]
[EventDate "2006.11.02"]
[EventType "tourn"]
[EventRounds "9"]
[EventCountry "ESP"]
[Source "lmi"]
[SourceDate "2006.11.02"]

1. d4 d5 2. Nf3 Nf6 3. e3 Bf5 4. Bd3 Bxd3 5. Qxd3 Nbd7 6. O-O e6 7. Nbd2 c5 8.
c3 Be7 9. Re1 Qb6 10. e4 dxe4 11. Nxe4 Nxe4 12. Rxe4 Rd8 13. Rg4 Bf6 14. Qe2
cxd4 15. Nxd4 O-O 16. Bg5 Qc5 17. Rd1 Bxg5 18. Nxe6 fxe6 19. Qxe6+ Rf7 0-1

[Event "13. Torneo Pueblo Nuevo IRT"]
[Site "Madrid ESP"]
[Date "2006.11.30"]
[Round "9.5"]
[White "Perez Ferris, Miguel"]
[Black "Callejo Hernanz, Jesus Maria"]
[Result "0-1"]
[WhiteElo "1997"]
[BlackElo "1834"]
[Annotator "Edu"]
[PlyCount "54"]
[EventDate "2006.11.02"]
[EventType "tourn"]
[EventRounds "9"]
[EventCountry "ESP"]
[Source "lmi"]
[SourceDate "2006.11.02"]

1. e4 c5 2. Nf3 d6 3. d4 Nf6 4. Nc3 cxd4 5. Nxd4 g6 6. Be3 Bg7 7. f3 Nc6 8. Bc4
O-O 9. Qd2 Bd7 10. O-O-O Rb8 11. g4 b5 12. Bd5 Ne5 13. Qe2 Qa5 14. Nb3 Qc7 15.
Nd2 Rfc8 16. Bb3 a5 17. a3 a4 18. Ba2 b4 19. axb4 a3 20. Bd4 axb2+ 21. Kb1 Rxb4
22. Bxe5 dxe5 23. Nc4 Ra8 24. Nd5 Nxd5 25. Rxd5 Be6 26. Qd3 Bxd5 27. Qxd5 Rxa2
0-1